<?xml version="1.0" encoding="UTF-8"?>
<marc:record xmlns:marc="http://www.loc.gov/MARC21/slim">
   <marc:leader>00000nam a2200000 a 4500</marc:leader>
   <marc:datafield ind1="1" ind2=" " tag="100">
      <marc:subfield code="a">Lemster, Michael</marc:subfield>
      <marc:subfield code="4">aut</marc:subfield>
      <marc:subfield code="e">Verfasser/-in</marc:subfield>
   </marc:datafield>
   <marc:datafield ind1=" " ind2=" " tag="653">
      <marc:subfield code="a">Softcover / Sachbücher/Geschichte/Biographien</marc:subfield>
   </marc:datafield>
   <marc:datafield ind1=" " ind2=" " tag="653">
      <marc:subfield code="a">Autobiographien</marc:subfield>
   </marc:datafield>
   <marc:datafield ind1=" " ind2=" " tag="653">
      <marc:subfield code="a">Parsifal</marc:subfield>
   </marc:datafield>
   <marc:datafield ind1=" " ind2=" " tag="653">
      <marc:subfield code="a">Richard-Wagner-Festspiele</marc:subfield>
   </marc:datafield>
   <marc:datafield ind1=" " ind2=" " tag="653">
      <marc:subfield code="a">Richard Wagner</marc:subfield>
   </marc:datafield>
   <marc:datafield ind1=" " ind2=" " tag="653">
      <marc:subfield code="a">Bayreuth</marc:subfield>
   </marc:datafield>
   <marc:datafield ind1=" " ind2=" " tag="653">
      <marc:subfield code="a">Festspiele</marc:subfield>
   </marc:datafield>
   <marc:datafield ind1=" " ind2=" " tag="653">
      <marc:subfield code="a">150 Jahre Bayreuther Festspiele</marc:subfield>
   </marc:datafield>
   <marc:datafield ind1=" " ind2=" " tag="653">
      <marc:subfield code="a">Dynastie</marc:subfield>
   </marc:datafield>
   <marc:datafield ind1=" " ind2=" " tag="653">
      <marc:subfield code="a">Tristan und Isolde</marc:subfield>
   </marc:datafield>
   <marc:datafield ind1=" " ind2=" " tag="653">
      <marc:subfield code="a">Der Ring der Nibelungen</marc:subfield>
   </marc:datafield>
   <marc:datafield ind1=" " ind2=" " tag="653">
      <marc:subfield code="a">Vermächtnis</marc:subfield>
   </marc:datafield>
   <marc:datafield ind1=" " ind2=" " tag="653">
      <marc:subfield code="a">Nationalsozialismus</marc:subfield>
   </marc:datafield>
   <marc:datafield ind1=" " ind2=" " tag="653">
      <marc:subfield code="a">Kunst</marc:subfield>
   </marc:datafield>
   <marc:datafield ind1=" " ind2=" " tag="653">
      <marc:subfield code="a">Genie</marc:subfield>
   </marc:datafield>
   <marc:datafield ind1=" " ind2=" " tag="653">
      <marc:subfield code="a">Wagner-Clan</marc:subfield>
   </marc:datafield>
   <marc:datafield ind1=" " ind2=" " tag="653">
      <marc:subfield code="a">Musikgeschichte</marc:subfield>
   </marc:datafield>
   <marc:datafield ind1=" " ind2=" " tag="653">
      <marc:subfield code="a">Biografie</marc:subfield>
   </marc:datafield>
   <marc:datafield ind1=" " ind2=" " tag="653">
      <marc:subfield code="a">Musik und Politik</marc:subfield>
   </marc:datafield>
   <marc:datafield ind1=" " ind2=" " tag="653">
      <marc:subfield code="a">Musik Bücher</marc:subfield>
   </marc:datafield>
   <marc:datafield ind1=" " ind2=" " tag="653">
      <marc:subfield code="a">Wagner Musik</marc:subfield>
   </marc:datafield>
   <marc:datafield ind1=" " ind2=" " tag="653">
      <marc:subfield code="a">Kulturgeschichte</marc:subfield>
   </marc:datafield>
   <marc:datafield ind1=" " ind2=" " tag="653">
      <marc:subfield code="a">Wagner Buch</marc:subfield>
   </marc:datafield>
   <marc:datafield ind1=" " ind2=" " tag="653">
      <marc:subfield code="a">Künstlerfamilie</marc:subfield>
   </marc:datafield>
   <marc:datafield ind1=" " ind2=" " tag="653">
      <marc:subfield code="a">Cosima Wagner</marc:subfield>
   </marc:datafield>
   <marc:datafield ind1=" " ind2=" " tag="653">
      <marc:subfield code="a">Haus Wahnfried</marc:subfield>
   </marc:datafield>
   <marc:datafield ind1=" " ind2=" " tag="653">
      <marc:subfield code="a">Berühmte Opern</marc:subfield>
   </marc:datafield>
   <marc:datafield ind1=" " ind2=" " tag="653">
      <marc:subfield code="a">Klassische Musik</marc:subfield>
   </marc:datafield>
   <marc:datafield ind1=" " ind2=" " tag="653">
      <marc:subfield code="a">Familiengeschichte</marc:subfield>
   </marc:datafield>
   <marc:datafield ind1="0" ind2="0" tag="245">
      <marc:subfield code="a">Die Wagners</marc:subfield>
   </marc:datafield>
   <marc:datafield ind1="0" ind2="0" tag="245">
      <marc:subfield code="b">Eine Familie zwischen Musik und Macht. Von Richard Wagners berühmten Opern, familiärer Loyalität und Egoismus, Genie und Größenwahn: Biografie einer Familie, die Musikgeschichte schrieb</marc:subfield>
   </marc:datafield>
   <marc:datafield ind1="0" ind2="0" tag="245">
      <marc:subfield code="c">Michael Lemster</marc:subfield>
   </marc:datafield>
   <marc:datafield ind1=" " ind2="1" tag="264">
      <marc:subfield code="a">S.l.] @</marc:subfield>
      <marc:subfield code="b">Benevento</marc:subfield>
      <marc:subfield code="c">2026</marc:subfield>
   </marc:datafield>
   <marc:datafield ind1=" " ind2=" " tag="250">
      <marc:subfield code="a">1. Auflage</marc:subfield>
   </marc:datafield>
   <marc:datafield ind1="1" ind2=" " tag="520">
      <marc:subfield code="a">Die Familiengeschichte des einflussreichen Komponisten als menschliche Saga
&lt;br&gt;
&lt;br&gt;
Richard Wagner, der Schöpfer von Tristan und Isolde und der Nibelungen-Oper, verstand es wie kein anderer, Musik, Sprache und Dichtung zu einem einzigartigen Gesamtkunstwerk zu verschmelzen. Für die Wagners wird alles zur Bühne – nicht nur für das revolutionäre Genie, sondern für eine ganze Dynastie. Musik und Politik, Ruhm und Skandal, Licht und Schatten: Der Kulturhistoriker Michael Lemster erzählt ihre Familiengeschichte neu – nicht als Heldenepos, sondern als große, wahre Saga von Menschen im Rampenlicht.
&lt;br&gt;
&lt;br&gt;
Von Cosima Wagner über das Haus Wahnfried bis zu den Wagnerfestspielen in Bayreuth – das Erbe des bekanntesten deutschen Komponisten lebt bis heute fort.
&lt;br&gt;
&lt;br&gt;
- Wagners berühmte Opern: wie ein Genie die Klassische Musik für immer veränderte
&lt;br&gt;
&lt;br&gt;
- Licht und Schatten: Antisemitismus, Machtgier und politische Verstrickungen
&lt;br&gt;
&lt;br&gt;
- Cosima Wagner und Haus Wahnfried: die Frauen, bekannte Familienmitglieder und Nachfahren sowie die Wirkstätten des Wagner-Clans
&lt;br&gt;
&lt;br&gt;
- Festspielhaus Bayreuth: wie ein Erbe zur lebendigen Kulturgeschichte wurde
&lt;br&gt;
&lt;br&gt;
- Meisterhaft erzählte Musikgeschichte: Michael Lemsters fesselnder Blick hinter die Kulissen
&lt;br&gt;
&lt;br&gt;
Eine Familiendynastie zwischen Genie, Macht und Vermächtnis der Wagnerfestspiele
&lt;br&gt;
&lt;br&gt;
Was trieb das Genie hinter den berühmten Opern an, und welches Erbe hinterließ es der Welt? Diese Familienbiografie spart dabei die Schattenseiten nicht aus: Antisemitismus, politische Verstrickungen bis in die NS-Zeit und schonungslose Machtgier gehören ebenso zur Geschichte wie die Strahlkraft Richard Wagners Bühnenwerke. Mit feinem Gespür für das Zeitkolorit macht Lemster ein packendes Stück Musikgeschichte greifbar und zeigt unterhaltsam und eindrücklich, wie die Familie Wagner die Kunstwelt nachhaltig geprägt hat.
&lt;br&gt;
&lt;br&gt;
Tauchen Sie ein in die bewegte Geschichte einer Familiendynastie, die die Opernwelt für immer veränderte!
</marc:subfield>
   </marc:datafield>
   <marc:datafield ind1=" " ind2=" " tag="020">
      <marc:subfield code="a">9783710901683</marc:subfield>
      <marc:subfield code="9">9783710901683</marc:subfield>
   </marc:datafield>
   <marc:datafield ind1=" " ind2=" " tag="020">
      <marc:subfield code="a">3710901685</marc:subfield>
      <marc:subfield code="9">3710901685</marc:subfield>
   </marc:datafield>
   <marc:datafield ind1=" " ind2=" " tag="041">
      <marc:subfield code="a">ger</marc:subfield>
   </marc:datafield>
   <marc:datafield ind1=" " ind2=" " tag="300">
      <marc:subfield code="a">424 Seiten</marc:subfield>
   </marc:datafield>
</marc:record>
